Dil ki Geeta (Record no. 1235929)

MARC details
000 -LEADER
fixed length control field 00680nam a2200229Ia 4500
005 - DATE AND TIME OF LATEST TRANSACTION
control field 20250108125155.0
008 - FIXED-LENGTH DATA ELEMENTS--GENERAL INFORMATION
fixed length control field 008 250107s9999 xx 000 0 eng d
037 ## - SOURCE OF ACQUISITION
Stock number REF
040 ## - CATALOGING SOURCE
Original cataloging agency CRL
Language of cataloging eng
Transcribing agency CRL
041 ## - LANGUAGE CODE
Language code of text/sound track or separate title hur
Source of code eng
084 ## - COLON CLASSIFICATION NUMBER
Classification number a14,12N67 Q2.1-.2,1,2,3(RR)
084 ## - COLON CLASSIFICATION NUMBER
Assigning agency CRL
100 ## - MAIN ENTRY--PERSONAL NAME
Personal name Khwaja Dil Mohammad Au.; Joshi Pradeep Kumar Tr.
9 (RLIN) 730528
245 #0 - TITLE STATEMENT
Title Dil ki Geeta
Statement of responsibility, etc. Khwaja Dil Mohammad Au.; Joshi Pradeep Kumar Tr.
260 ## - PUBLICATION, DISTRIBUTION, ETC.
Date of publication, distribution, etc. 3541
300 ## - PHYSICAL DESCRIPTION
Extent 428p.
365 ## - TRADE PRICE
Price type code INR
Price amount 25000
546 ## - LANGUAGE NOTE
Language note Translated from Hindi to Urdu
650 ## - SUBJECT ADDED ENTRY--TOPICAL TERM
Topical term or geographic name entry element Philosophy
942 ## - ADDED ENTRY ELEMENTS (KOHA)
Koha item type Reference
Classification part a14,12N67 Q2.1-.2,1,2,3(RR)
Holdings
Withdrawn status Lost status Damaged status Not for loan Home library Current library Date acquired Source of acquisition Cost, normal purchase price Total Checkouts Full call number Barcode Date last seen Price effective from Koha item type
        Central Library Central Library 2025-01-08 Gift, 16/10/2024, 25000.00   R65,6 168R3 CL1699553 2025-01-08 2025-01-08 Reference
Copyright @ Delhi University Library System